Music Quiz

Random Music Quiz

One Direction - Moments Lyrics Quiz Stats

 Plays Quiz not verified by Sporcle

Support Sporcle.
Go Orange.
Score 0/291 Timer 09:00
0 Plays Today
Answer % Correct
[CHORUS REPEATS]
99.4%
the
98%
the
98%
the
98%
the
98%
the
98%
the
98%
the
98%
the
98%
the
98%
the
98%
the
98%
the
98%
the
98%
I
97.4%
I
97.4%
I
97.4%
I
97.4%
I
97.4%
I
97.4%
be
97.2%
you,
97.2%
you.
97.2%
You
97.2%
be
97.2%
be.
97.2%
you
97.2%
be
97.2%
be
97.2%
be
97.2%
you,
97.2%
You
97.2%
be
97.2%
be.
97.2%
you
97.2%
You
97.2%
be
97.2%
be.
97.2%
you
97.2%
door,
96.6%
your
96.6%
your
96.6%
your
96.6%
your
96.6%
door,
96.6%
your
96.6%
your
96.6%
your
96.6%
your
96.6%
your
96.6%
your
96.6%
your
96.6%
of
96.4%
of
96.4%
of
96.4%
turn
96.1%
turn
96.1%
light
96%
to
96%
to
96%
to
96%
to
96%
to
96%
to
96%
to
96%
to
96%
to
96%
my
95.8%
My
95.8%
my
95.8%
my
95.8%
my
95.8%
my
95.8%
My
95.8%
my
95.8%
my
95.8%
my
95.8%
my
95.8%
my
95.8%
My
95.8%
my
95.8%
Shut
95.5%
wanna
95.3%
wanna
95.3%
wanna
95.3%
wanna
95.3%
wanna
95.3%
wanna
95.3%
time
95.2%
time.
95.2%
moment
95.2%
time
95.2%
time.
95.2%
moment
95.2%
time
95.2%
time.
95.2%
moment
95.2%
Answer % Correct
time
95.2%
Heart
94.9%
heart
94.9%
heart
94.9%
heart
94.9%
love,
94.7%
love,
94.7%
love,
94.7%
love,
94.7%
off.
94.6%
with
94.6%
a
94.6%
a
94.6%
a
94.6%
this,
94.4%
this
94.4%
this
94.4%
this
94.4%
this
94.4%
this
94.4%
this
94.4%
this
94.4%
me,
93.8%
in
93.8%
me
93.8%
in
93.8%
me
93.8%
in
93.8%
in
93.8%
in
93.8%
in
93.8%
me
93.8%
feel
93.5%
feel
93.5%
I'll
93.3%
I'll
93.3%
I'll
93.3%
I'll
93.3%
I'll
93.3%
I'll
93.3%
for
93.2%
for
93.2%
for
93.2%
for
93.2%
for
93.2%
reason
93%
reason
93%
reason
93%
life
92.6%
life,
92.6%
life
92.6%
life,
92.6%
life,
92.6%
beside
92.2%
voice,
92.2%
voice,
92.2%
voice,
92.2%
is
91.8%
find
91.8%
is
91.8%
find
91.8%
is
91.8%
find
91.8%
say
91.6%
say
91.6%
say
91.6%
back
91.5%
back
91.5%
back
91.5%
it
91.3%
we
91.3%
we
91.3%
know
91.3%
it
91.3%
we
91.3%
we
91.3%
know
91.3%
it
91.3%
know
91.3%
words
90.9%
words
90.9%
words
90.9%
If
90.5%
If
90.5%
If
90.5%
if
90.5%
one
90.2%
one
90.2%
leave
90.1%
leave
90.1%
leave
90.1%
could
89.9%
more
89.9%
could
89.9%
could
89.9%
more
89.9%
could
89.9%
Answer % Correct
day.
89.8%
day,
89.8%
lay
89.6%
make
89.6%
only
89.5%
only
89.5%
only
89.5%
only
89.5%
And
89.1%
And
89.1%
today.
89%
today.
89%
today.
89%
harder,
88.8%
harder.
88.8%
have
88.8%
harder.
88.8%
have
88.8%
face.
88.2%
face.
88.2%
down
87.9%
Close
87.9%
down
87.9%
close
87.9%
try.
87.8%
tears
87.8%
Try
87.8%
tears
87.8%
hide
87.6%
makes
87.6%
makes
87.6%
before
87.4%
before
87.4%
before
87.4%
hands
87.3%
stream
87.3%
Hands
87.3%
stream
87.3%
even
86.8%
cannot
86.4%
though
86.2%
beats
85.7%
breathing
85.6%
breathing
85.6%
breathing
85.6%
touch
85.1%
Don't
84.7%
don't
84.7%
Don't
84.7%
escapes
84.2%
skin,
82.9%
key.
81.9%
like
81.6%
sky.
81.6%
seen.
81.1%
trembling
80.9%
clouded
80.9%
without
80.5%
tonight's
80.2%
reminded,
78.6%
feet.
78.4%
out
77.1%
all.
77.1%
kicking
76.7%
balls
76.1%
throw
75.8%
judgement's
75.7%
scream
75.2%
are
74.9%
numb.
74.6%
numb
74.6%
mind,
74.4%
edge.
74.1%
bed.
74.1%
There's
73.6%
There's
73.6%
going
73.5%
street,
73.5%
at
73.5%
at
73.5%
joke
72.9%
end
72.4%
clothes
72.1%
Playing
70.7%
myself
69.6%
lungs
69.3%
pile
68.1%
As
67.9%
silent,
67.8%
games
67.8%
voices
67.1%
fall,
65.7%
toes,
61.6%
Flashing
61.1%
lights
59.1%
standing
57.8%
turn
41.4%

You're not logged in!

Compare scores with friends on all Sporcle quizzes.
OR
Log In

From the Vault

Remove Ads.
Support Sporcle.
Get the best of Sporcle when you Go Orange. This ad-free experience offers more features, more stats, and more fun while also helping to support Sporcle. Thank you for becoming a member.

Show Comments

Extras

Created Feb 26, 2016ReportNominate
Tags:direction, moment, One Direction

Top Quizzes Today


Score Distribution

Your Account Isn't Verified!

In order to create a playlist on Sporcle, you need to verify the email address you used during registration. Go to your Sporcle Settings to finish the process.

Report this User

Report this user for behavior that violates our Community Guidelines.

Details: